00743nam a22003492 4500001001100000005001700011008004100028020001700069040001500086100003200101245007500133250001300208260002500221300001900246650005100265710003200316852000300348852000300351852000300354852000300357852000300360852000300363852000300366852000300369852000300372852000300375852000300378852000300381852000300384852000300387852000300390000002537820151217154527.0150827s xx 000 0 eng d a0199601660 : aKABUcKABU1 aLeyland, Peter.@000017876610aTextbook on Administrative Law /cby Peter Leyland and Gordon Anthony. a7th ed. aUK :bO.U.P.,c2013. a xxviii, 506p. 0aAdministrative lawzGreat Britain.@00001601532 aGordon Anthony.@00001860391 1 1 1 1 1 1 1 1 1 1 1 1 1 1